Quizzes
Events
Quiz Creation
Community
Videos
Private Events
Remove Ads
Sign In
Join for FREE
Feedback
Dark Mode
Quiz Categories
Sports
Geography
Music
Movies
Television
Just For Fun
Miscellaneous
History
Literature
Language
Science
Gaming
Entertainment
Religion
Holiday
For Kids
Quiz Lab
Recent
Popular Today
Quiz Kudos Today
Editor Picks
Curator Picks
Quizzes by...
Day
Popularity
Type
Ratings
Length
Year
Community
Subscriptions
Recent Discussions
Orange Saloon
Badges
Playlists
Quests
Create
Leaderboards
Showdown
Live 5
Trivia Bingo
Activity
Puzzle Library
Sporcle Events
Private Events
Virtual Trivia
Globe League
Become a Host
Pub Owners
SporcleCon
Opinionation
Our Games
Videos
Blog
Mobile Apps
Partnerships
Remove Ads and Go Orange
Feedback
Sports
Athletes
MLB
NBA
NHL
NFL
Soccer
Sports Teams
WWE
NCAA
Football
Premier League
Basketball
Baseball
Hockey
Golf
Tennis
Cricket
Rugby
Auto Racing
Olympics
World Cup
Sports
Athletes
MLB
NBA
NHL
NFL
Soccer
Sports Teams
WWE
NCAA
Football
Premier League
Basketball
Baseball
Hockey
Golf
Tennis
Cricket
Rugby
Auto Racing
Olympics
World Cup
Random Quiz
Search Sporcle
×
Quiz Lab
Quiz Lab
Sports
NFL
Type in answers that appear in a list
Type in answers that appear in a list
Classic
Best Score? Go Orange.
Late-Round Quarterback Successes Stats
Can you name the Quarterbacks drafted later than the third round who have over 100 touchdowns or over 10,000 yards since 1983?
By
TheManCamden
5m
32 Questions
93 Plays
93 Plays
93 Plays
Comments
Comments
Give Quiz Kudos
Give Quiz Kudos
-
- Ratings
hide this ad
More Info
Replay
Link that replays current quiz
Next Quiz
Link to next quiz in quiz playlist
You Got
0%
They Got
Avg Score
44%
Avg Friend Score
Upgrade to see
Score Distribution
Jump to the score distribution portion of the page
Score
0/32
Timer
05:00
0
Plays Today
Year, Round, Pick
Name
% Correct
2000, 6, 199*
Tom Brady
94.6%
2003, Undrafted
Tony Romo
83.9%
2012, 4, 102*
Kirk Cousins
83.9%
1998, 6, 198
Matt Hasselbeck
68.8%
2002, 4, 108
David Garrard
68.8%
1994, Undrafted**
Kurt Warner
65.6%
1999, 4, 131
Aaron Brooks
65.6%
2005, 7, 230*
Matt Cassel
64.5%
2000, 6, 168
Marc Bulger
60.2%
1994, Undrafted
Jeff Garcia
58.1%
2005, 4, 106
Kyle Orton
58.1%
1986, 6, 146
Mark Rypien
48.4%
1987, 4, 98
Rich Gannon
47.3%
1993, 5, 118
Mark Brunell
44.1%
1992, 9, 227
Brad Johnson
40.9%
1987, 10, 255
Don Majkowski
36.6%
Year, Round, Pick
Name
% Correct
1994, 7, 197
Gus Frerotte
36.6%
1997, Undrafted
Jon Kitna
36.6%
2005, 7, 250*
Ryan Fitzpatrick
34.4%
1987, Undrafted
Erik Kramer
33.3%
1988, 6, 159
Stan Humphries
32.3%
1990, 4, 93
Scott Mitchell
32.3%
1993, 8, 222
Trent Green
32.3%
1989, 6, 141
Rodney Peete
30.1%
1992, 6, 166
Jeff Blake
28%
1993, 8, 219
Elvis Grbac
26.9%
1997, Undrafted
Jake Delhomme
26.9%
1985, Undrafted
Mike Tomczak
25.8%
1985, 6, 142
Steve Bono
19.4%
1994, Undrafted
Jay Fiedler
17.2%
2005, 6, 213*
Derek Anderson
15.1%
1987, 4, 110
Steve Beuerlein
9.7%
Quiz Playlist
Details
Report
Send in Message
Add To Playlist
More Info:
*=Active Player **=Hall of Famer
Classic:
Type in answers that appear in a list
Last Updated: Sep 20, 2017
Quiz Scoreboard
CHALLENGE
Sign Up to Join the Scoreboard
Show All
Scores
Hide
Comments
May contain spoilers
Recently Published
An Introduction to Baseball
by treessimontrees
Sports
5m
Movies - When Are They Set?
by FPL_Elf
Movies
5m
Popular People in 1961
by mucciniale
History
6m
More to Explore
Quiz From the Vault
Featured Blog Post
Where Did the Easter Bunny Come From?
hide this ad
You Might Also Like...
Tags
NFL Quiz
NFL Draft
NFL Player
Quarterbacks
Today's Top Quizzes in Sports
Browse Sports
hide this ad
Today's Top Quizzes in NFL
Browse NFL
Top Contributed Quizzes in Sports
1
Les meilleurs buteurs des matchs entre le PSG et l’OM
2
2022 World Cup Stars
3
FIFA Club World Cup Champions
4
Les entraîneurs de l'OM et du PSG au 21e siècle
5
Name the Premier League winners with different clubs
6
La finale Lions - Afrique du Sud 2021
7
Les joueurs passés par le LOSC et le RC Lens
8
Criteria MLB: Left Handed Sluggers
9
Players with Multiple 50 Home Run Seasons
10
5-to-1: UK Sports Teams
Explore More
Trending Topics
Disney
NBA
Anime
Kpop
Crossword
Harry Potter
Marvel
Country
Soccer
WWE
Pokémon
Puzzle
The Office
NFL
Song
hide this ad
More By:
TheManCamden
Quiz
Plays
Rating
Category
Featured
Created
Can you guess the random NBA player by picture? (2010s)
410
5.00
Sports
Sep 21, 2023
Can you guess the random NBA player by picture? (2000s)
234
5.00
Sports
Sep 21, 2023
Guess the NBA Player Resume #2 (Nerd Sesh) [1990s]
104
5.00
Sports
Sep 15, 2023
Late-Round Quarterback Successes
93
Sports
Sep 19, 2017
NBA Players by Basketball Reference Page (1990s)
69
5.00
Sports
Oct 17, 2023
Go to Creator's Profile
Score Distribution
Quiz Creator Spotlight
TheManCamden
Follow
Send a Message
Quizzes Created
-
Created Quiz Play Count
-
More By This Creator
Popular Quizzes Today
1
Find the Countries of Europe - No Outlines Minefield
2
Find the US States - No Outlines Minefield
3
The Countries of the World
4
Popular People in 1961
5
US States
6
Find the US States
7
1-10 Letter E Words III
8
Risky Map Clicking: Biggest States A-Z
More Sports Quizzes
NFL Most Rushing Yards, Final Season
Curator's Pick
Trending Quizzes
Risky Map Clicking: Least Populous States A-Z
1-10 Letter F Words
1-10 Letter G Words
One Thing in Common: United Kingdom
Not Quite an Element Typing Challenge
Recently Updated
Leaping Animals
pecheneg
Reality TV Shows (A-Z)
bhenderson79
Rickey Henderson's Hall of Fame Teammates
pecheneg
Champions League XIs: Arsenal
pecheneg
Quick Pick: Celebrities in WWE's Hall of Fame
aduchscher
A-Z Keypad Blitz II
pecheneg
Multiple Oscar Actors
pecheneg
Mystery Phrase Blitz: Oscar 'Best Actors'
pecheneg
F. Scott Fitzgerald Novels
LTH
Pick 3 Villains
ddd62291
Trending Topics
Crossword
Marvel
Harry Potter
Anime
Kpop
Disney
NBA
Soccer
Puzzle
NFL
Song
WWE
Country
Pokémon
The Office
Your Account Isn't Verified!
In order to create a playlist on Sporcle, you need to verify the email address you used during registration. Go to your
Sporcle Settings
to finish the process.
Report this User
Report this user for behavior that violates our
Community Guidelines
.
Details:
Send Report
Go to the Sporcle.com Mobile Site →
Comments